|
|
|
|
| LEADER |
00742nam a2200241Ia 4500 |
| 008 |
141004s9999 xx 000 0 und d |
| 040 |
|
|
|c a
|
| 041 |
|
|
|a English
|
| 082 |
|
|
|a 634.909
|
| 082 |
|
|
|b NEG/MA
|
| 100 |
|
|
|a Negi SS
|
| 245 |
|
|
|a Manual of Indian forestry (Set V.1 to V.5)- Vol.2
|
| 245 |
|
|
|c Negi SS
|
| 250 |
|
|
|a 1
|
| 260 |
|
|
|a Dehra Dun
|
| 260 |
|
|
|b Bishen Singh Mahendra Pal Singh
|
| 260 |
|
|
|c 1996
|
| 300 |
|
|
|a 500p.
|
| 501 |
|
|
|a COF
|
| 650 |
|
|
|a Indian Forestry
|
| 942 |
|
|
|c REF
|
| 999 |
|
|
|c 176425
|d 176425
|
| 952 |
|
|
|0 0
|1 0
|4 0
|6 634_909000000000000_NEG_MA
|7 0
|8 IFO
|9 181374
|a KAUCOF
|b KAUCOF
|l 1
|o 634.909 NEG/MA
|p KAU_COF-2548
|r 2018-04-04
|s 2018-03-17
|w 2014-10-04
|y REF
|